1518 1843 1716 1600 1948 1530 1804 1496 1221 1450 1215 1236 1306 1799 1635 1355 1095 1556 1948 1582 1309 1061 1333 1539 1937 1736 1062 1016 1455 1059 1611 1242 1613 1517 1955 1456 1211 1377 1074 1098 1907 1162 1808 1337 1993 1352 1812 1309 1393 1986 1926 1613 1959 1682 1908 1044 1615 1783 1384 1685 1516 1982 1631 1753 1117 1373 1180 1180 1977 1172 1642 1699 1422 1680 1601 1184 1401 1446 1457 1057 1939 1617 1417 1257 1659 1277 1646 1559 1457 1875 1603 1176 1225 1037 1822 1256 1526 1878 1671 BCNSPRNW ULIB Ver.6.0+V

เปลี่ยนเป็นภาษาไทย

Change to English
 แสดงรายละเอียดบรรณานุกรม
  กลับหน้าหลัก

Brief Record : Get Marc (ISO 2709) : E-mail record : QR code < ปิดหน้าต่าง
LEADER : 00000nam 2200000uu 4500
001    13399124431
003     ULIB
008    150713s2556||||th 000 0 tha d
020    ^a9789744226945
060 04 ^aQZ200^bผ931
245 00 ^aแผนการป้องกันและควบคุมโรคมะเร็งแห่งชาติ (พ.ศ.2556-2560) /^cคณะกรรมการจัดทำแผนป้องกันและควบคุมโรคมะเร็งแห่งชาติ กรมการแพทย์ กระทรวงสาธารณสุข
260    ^aกรุงเทพฯ :^bสถาบันมะเร็งแห่งชาติ,^c2556
300    ^a134 หน้า :^bภาพประกอบ
650  2 ^aNeoplasms^xprevention & control
650  4 ^aเนื้องอก^xการป้องกันและควบคุม
650  4 ^aมะเร็ง^xการป้องกันและควบคุม^zไทย
710 2  ^aคณะกรรมการจัดทำแผนป้องกันและควบคุมโรคมะเร็งแห่งชาติ
710 2  ^aสถาบันมะเร็งแห่งชาติ
945    ^p0^l0^i039537
999    ^aเกษร โพธิ์สุวรรณ
รายการนี้ยังไม่มีแท็ก
คุณยังไม่ได้ล็อกอิน คุณสามารถมีกิจกรรมร่วมกับเว็บไซต์ได้ แต่ต้องล็อกอินก่อน ::
  ล็อกอิน

รายการสื่อสารสนเทศ

ลำดับที่ ประเภท เลขเรียก/บาร์โค้ด สถานที่ สถานะ
1. วิทยาศาสตร์การแพทย์ และสุขภาพ
หนังสือสำรอง
สถานะ=หนังสือสำรอง
QZ200 ผ931 ฉ.1 
  Barcode: 039537
ห้องสมุดวิทยาเขตสวรรค์ประชารักษ์
►ส่วนจัดเก็บหนังสือเก่า สปร
บนชั้น
  ขอยืม

BibComment


ยังไม่เคยถูกคอมเมนท์

คอมเมนท์ทรัพยากรรายการนี้
  คอมเมนท์: แผนการป้องกันและ..


 Copyright 2026. Bcnsprnw @Library